书目信息 |
| 题名: |
西北典型河谷城市多介质中多环芳烃和邻苯二甲酸酯污染特征、来源及人群暴露风险
|
|
| 作者: | 王利军 著 | |
| 分册: | ||
| 出版信息: | 北京 中国环境出版集团 2020.11 |
|
| 页数: | 152页 | |
| 开本: | 23cm | |
| 丛书名: | ||
| 单 册: | ||
| 中图分类: | X5 | |
| 科图分类: | ||
| 主题词: | 城市污染--cheng shi wu ran--污染控制--研究--西安 | |
| 电子资源: | ||
| ISBN: | 978-7-5111-4513-0 | |
| 000 | 01384nam0 2200241 450 | |
| 001 | 202021193962 | |
| 005 | 20211025120142.0 | |
| 010 | @a978-7-5111-4513-0@dCNY39.00 | |
| 100 | @a20211002d2020 em y0chiy50 ea | |
| 101 | 0 | @achi |
| 102 | @aCN@b110000 | |
| 105 | @aa a 000yy | |
| 106 | @ar | |
| 200 | 1 | @a西北典型河谷城市多介质中多环芳烃和邻苯二甲酸酯污染特征、来源及人群暴露风险@Axi bei dian xing he gu cheng shi duo jie zhi zhong duo huan fang ting he lin ben er jia suan zhi wu ran te zheng 、 lai yuan ji ren qun bao lu feng xian@f王利军著 |
| 210 | @a北京@c中国环境出版集团@d2020.11 | |
| 215 | @a152页@c图@d23cm | |
| 320 | @a有书目 (第131-152页) | |
| 330 | @a本书以我国西北干旱半干旱地区典型河谷盆地型城市西安为研究区域, 系统研究了城市土壤、城市地表灰尘及城市空气颗粒物中多环芳烃和邻苯二甲酸酯的累积水平、构成特征和时空分布等多介质污染特征, 诊断了城市土壤、城市地表灰尘及城市空气颗粒物中多环芳烃和邻苯二甲酸酯的环境来源, 评估了人群多途径暴露城市土壤、城市地表灰尘及城市空气颗粒物中多环芳烃和邻苯二甲酸酯的健康风险, 分析了城市土壤和城市地表灰尘基本理化性质以及城市气象条件对其中多环芳烃和邻苯二甲酸酯的影响, 旨在为城市环境中多环芳烃和邻苯二甲酸酯的污染与风险防控提供一定的科学依据。 | |
| 606 | 0 | @a城市污染@Acheng shi wu ran@x污染控制@x研究@y西安 |
| 690 | @aX5@v5 | |
| 701 | 0 | @a王利军@Awang li jun@4著 |
| 801 | 0 | @aCN@c20210909 |
| 905 | @a河南城建学院图书馆@dX5@eW252 | |
| 西北典型河谷城市多介质中多环芳烃和邻苯二甲酸酯污染特征、来源及人群暴露风险/王利军著.-北京:中国环境出版集团,2020.11 |
| 152页:图;23cm |
| ISBN 978-7-5111-4513-0:CNY39.00 |
| 本书以我国西北干旱半干旱地区典型河谷盆地型城市西安为研究区域, 系统研究了城市土壤、城市地表灰尘及城市空气颗粒物中多环芳烃和邻苯二甲酸酯的累积水平、构成特征和时空分布等多介质污染特征, 诊断了城市土壤、城市地表灰尘及城市空气颗粒物中多环芳烃和邻苯二甲酸酯的环境来源, 评估了人群多途径暴露城市土壤、城市地表灰尘及城市空气颗粒物中多环芳烃和邻苯二甲酸酯的健康风险, 分析了城市土壤和城市地表灰尘基本理化性质以及城市气象条件对其中多环芳烃和邻苯二甲酸酯的影响, 旨在为城市环境中多环芳烃和邻苯二甲酸酯的污染与风险防控提供一定的科学依据。 |
| ● |
| 相关链接 |
|
|
|
正题名:西北典型河谷城市多介质中多环芳烃和邻苯二
索取号:X5/W252
 
预约/预借
| 序号 | 登录号 | 条形码 | 馆藏地/架位号 | 状态 | 备注 |
| 1 | 1543186 | 215431860 | 自科库501/501自科库 97排2列4层/ [索取号:X5/W252] | 在馆 |